Movies Quiz

Random Movies or Actor Quiz

Best Actor by Competition Quiz Stats

 Plays Quiz not verified by Sporcle

Also try: Movies of 1983
Challenge
Share
Tweet
Embed
Score 0/14 Timer 10:00
0 Plays Today
Competition Actor % Correct
Nicolas Cage, Michael Caine, Daniel Day-Lewis, Jack NicholsonAdrien Brody (The Pianist)
78.8%
Don Cheadle, Johnny Depp, Leonardo DiCaprio, Clint EastwoodJamie Foxx (Ray)
73.1%
Russell Crowe, Richard Farnsworth, Sean Penn, Denzel WashingtonKevin Spacey (American Beauty)
73.1%
Jeff Bridges, Albert Finney, Tom Hulce, Sam WatersonF. Murray Abraham (Amadeus)
73.1%
Robert De Niro, Giancarlo Giannini, William Holden, Sylvester StallonePeter Finch (Network)
69.2%
Warren Beatty, Robert De Niro, Nick Nolte, Robin WilliamsAnthony Hopkins (The Silence of the Lambs)
65.4%
Charlie Chaplin, Henry Fonda, Raymond Massey, Laurence OlivierJames Stewart (The Philadelphia Story)
61.5%
Competition Actor % Correct
Marlon Brando, Montgomery Clift, Arthur Kennedy, Fredric MarchHumphrey Bogart (The African Queen)
61.5%
Woody Allen, Richard Burton, Marcello Mastroianni, John TravoltaRichard Dreyfuss (The Goodbye Girl)
55.8%
Alan Arkin, Richard Burton, Michael Caine, Steve McQueenPaul Scofield (A Man for All Seasons)
50%
James Dean, Kirk Douglas, Rock Hudson, Laurence OlivierYul Brynner (The King and I)
46.2%
Dustin Hoffman, Jack Lemmon, Paul Newman, Peter O'TooleBen Kingsley (Gandhi)
44.2%
Charles Boyer, Barry Fitzgerald, Cary Grant, Alexander KnoxBing Crosby (Going My Way)
44.2%
Trevor Howard, Jack Lemmon, Laurence Olivier, Spencer TracyBurt Lancaster (Elmer Gantry)
44.2%

You're not logged in!

Compare scores with friends on all Sporcle quizzes.
Join for Free
OR
Log In

You Might Also Like...

Show Comments

Extras

Created Jul 29, 2011ReportNominate
Tags:Actor Quiz, competition, winner

Top Quizzes Today


Score Distribution

Your Account Isn't Verified!

In order to create a playlist on Sporcle, you need to verify the email address you used during registration. Go to your Sporcle Settings to finish the process.

Report this User

Report this user for behavior that violates our Community Guidelines.

Details: